5HLuxD.jpg

KING HENRY VIII SENIOR AND PRIMARY SCHOOL LIBRARY OPAC

Dear zoo : (Record no. 2489)

000 -LEADER
fixed length control field 00836aam a2200277 a 4500
001 - CONTROL NUMBER
control field 019367218
003 - CONTROL NUMBER IDENTIFIER
control field UkOxU
005 - DATE AND TIME OF LATEST TRANSACTION
control field 20230612102441.0
008 - FIXED-LENGTH DATA ELEMENTS--GENERAL INFORMATION
fixed length control field 120801s2012 enka j 000 1 eng d
020 ## - INTERNATIONAL STANDARD BOOK NUMBER
International Standard Book Number 9780230757875 (hbk.) :
035 ## - SYSTEM CONTROL NUMBER
System control number (IeDuTC)b150904502
035 ## - SYSTEM CONTROL NUMBER
System control number (UkLCURL)08
038 ## - RECORD CONTENT LICENSOR
Record content licensor UkLCURL
040 ## - CATALOGING SOURCE
Original cataloging agency StEdALDL
Language of cataloging eng
Transcribing agency StEdALDL
Modifying agency IeDuTC
-- UkOxU
-- KH8
049 ## - LOCAL HOLDINGS (OCLC)
Local processing data c
082 ## - DEWEY DECIMAL CLASSIFICATION NUMBER
Classification number 823.914 CAM
100 1# - MAIN ENTRY--PERSONAL NAME
Personal name Campbell, Rod,
Dates associated with a name 1945-
Relator term author
245 10 - TITLE STATEMENT
Title Dear zoo :
Remainder of title touch and feel! /
Statement of responsibility, etc. Rod Campbell.
260 ## - PUBLICATION, DISTRIBUTION, ETC.
Place of publication, distribution, etc. London :
Name of publisher, distributor, etc. Macmillan Children's Books,
Date of publication, distribution, etc. 2012.
300 ## - PHYSICAL DESCRIPTION
Extent [16] p. :
Other physical details chiefly col. ill. ;
Dimensions 23 cm.
500 ## - GENERAL NOTE
General note Title from cover.
500 ## - GENERAL NOTE
General note With textured patches.
650 #0 - SUBJECT ADDED ENTRY--TOPICAL TERM
Topical term or geographic name entry element Zoos
Form subdivision Pictorial works
-- Juvenile fiction.
650 #0 - SUBJECT ADDED ENTRY--TOPICAL TERM
Topical term or geographic name entry element Toy and movable books
Form subdivision Specimens.
942 ## - ADDED ENTRY ELEMENTS (KOHA)
Source of classification or shelving scheme
Koha item type Books - Non Ficton
Holdings
Withdrawn status Lost status Source of classification or shelving scheme Damaged status Not for loan Collection code Permanent Location Current Location Shelving location Date acquired Full call number Barcode Date last seen Price effective from Koha item type
          Non-Fiction KH8 Primary School Library KH8 Primary School Library Non Fiction 2023-06-12 823.914 CAM KHPL000004244 2025-12-05 2023-06-12 Books - Non Ficton

Powered By KH8 IT Dept